Digitálna agenda pre Európu - iniciatíva stratégie Európa 2020 (prípadová štúdia porovnanie Estónska a Slovenska) diplomová práca

Na minha lista:
Detalhes bibliográficos
Autor principal: Farkašová, Katarína
Autor Corporativo: Fakulta medzinárodných vzťahov EU. Katedra medzinárodných ekonomických vzťahov a hospodárskej diplomacie
Outros Autores: Harakaľová, Ľubica, 1963-
Formato: Livro
Idioma:eslovaco
Publicado em: Bratislava 2017
Tags: Adicionar Tag
Sem tags, seja o primeiro a adicionar uma tag!

MARC

LEADER 00000nbm a2200000 4500
001 0232002
005 20180220154350.6
041 0 |a slo 
044 |a SK 
245 1 0 |a Digitálna agenda pre Európu - iniciatíva stratégie Európa 2020 (prípadová štúdia porovnanie Estónska a Slovenska)  |b diplomová práca  |c Katarína Farkašová ; školiteľ: Ľubica Harakaľová 
264 1 |a Bratislava  |c 2017 
300 |a 83 s. 
100 1 |a Farkašová, Katarína 
700 1 |a Harakaľová, Ľubica, 1963- 
710 2 |a Fakulta medzinárodných vzťahov EU. Katedra medzinárodných ekonomických vzťahov a hospodárskej diplomacie